Countries Most Featured in JetPunk Quizzes - Statistics

General Stats
  • This quiz has been taken 48 times
    47 since last reset
  • The average score is 22 of 27
Answer Stats
# Country % Correct
8 Brazil
98%
33 China
98%
28 Spain
98%
104 United Kingdom
98%
739 United States
98%
47 France
95%
24 Russia
95%
27 Australia
93%
38 Germany
93%
10 Mexico
93%
40 Canada
91%
29 Italy
89%
17 India
86%
17 Japan
86%
6 Egypt
80%
10 South Africa
77%
7 Sweden
77%
14 Greece
73%
7 New Zealand
73%
6 Portugal
68%
10 Turkey
68%
6 Switzerland
66%
6 Austria
64%
12 Netherlands
59%
8 Ireland
57%
5 Iraq
45%
8 Israel
41%
No matching quizzes found
Score Distribution
Percent of People with Each Score
Percentile by Number Answered
Your Score History
You have not taken this quiz since the last reset